<?xml version="1.0" encoding="UTF-8"?>
<marc:record xmlns:marc="http://www.loc.gov/MARC21/slim">
   <marc:leader>00000nam a2200000 a 4500</marc:leader>
   <marc:datafield ind1="1" ind2=" " tag="100">
      <marc:subfield code="a">Kuhn-Schädler, Hans</marc:subfield>
      <marc:subfield code="4">aut</marc:subfield>
      <marc:subfield code="e">Verfasser/-in</marc:subfield>
   </marc:datafield>
   <marc:datafield ind1=" " ind2=" " tag="653">
      <marc:subfield code="a">Christliche Erziehung</marc:subfield>
   </marc:datafield>
   <marc:datafield ind1=" " ind2=" " tag="653">
      <marc:subfield code="a">Großeltern</marc:subfield>
   </marc:datafield>
   <marc:datafield ind1=" " ind2=" " tag="653">
      <marc:subfield code="a">Alltag/Familie</marc:subfield>
   </marc:datafield>
   <marc:datafield ind1=" " ind2=" " tag="653">
      <marc:subfield code="a">Ratgeber</marc:subfield>
   </marc:datafield>
   <marc:datafield ind1="0" ind2="0" tag="245">
      <marc:subfield code="a">Mit meinen Enkeln Gott entdecken</marc:subfield>
   </marc:datafield>
   <marc:datafield ind1="0" ind2="0" tag="245">
      <marc:subfield code="b">ein Begleiter für Großeltern</marc:subfield>
   </marc:datafield>
   <marc:datafield ind1="0" ind2="0" tag="245">
      <marc:subfield code="c">Hans Kuhn-Schädler</marc:subfield>
   </marc:datafield>
   <marc:datafield ind1=" " ind2="1" tag="264">
      <marc:subfield code="a">Luzern</marc:subfield>
      <marc:subfield code="b">Rex-Verl.</marc:subfield>
      <marc:subfield code="c">2007</marc:subfield>
   </marc:datafield>
   <marc:datafield ind1="1" ind2=" " tag="520">
      <marc:subfield code="a">Angaben aus der Verlagsmeldung

Mit meinen Enkeln Gott entdecken : Ein Begleiter für Grosseltern / von Hans Kuhn-Schädler

"In jedem Kind wird Gott neu geboren", das bewahrheitet sich besonders auch für Grosseltern. Welchen Raum sollen oder dürfen Grosseltern dem Religiösen geben im Zusammensein mit den Enkeln? Was erwarten die Enkel von Oma und Opa, den Eltern hinter den Eltern? Hans Kuhn-Schädler, inzwischen achtfacher Grossvater, zeigt auf, wie Eltern und Grosseltern heute denken, regt an, mit den Enkelkindern zu philosophieren und nach Gott zu fragen. Er lehrt uns, zusammen mit Kindern in biblischen Geschichten die heilende Kraft zu entdecken und gibt Impulse zum Feiern des Lebens im Kirchenjahr. Provokative Kolumnen aus der Kinderwelt und ein Essy von Helga Kohler-Spiegel, Professorin für Religionspädagogik und Katechese, runden das Werk ab.
</marc:subfield>
   </marc:datafield>
   <marc:datafield ind1=" " ind2=" " tag="020">
      <marc:subfield code="a">9783725208401</marc:subfield>
      <marc:subfield code="9">9783725208401</marc:subfield>
   </marc:datafield>
   <marc:datafield ind1=" " ind2=" " tag="020">
      <marc:subfield code="a">3725208409</marc:subfield>
      <marc:subfield code="9">3725208409</marc:subfield>
   </marc:datafield>
   <marc:datafield ind1=" " ind2=" " tag="041">
      <marc:subfield code="a">ger</marc:subfield>
   </marc:datafield>
   <marc:datafield ind1=" " ind2=" " tag="300">
      <marc:subfield code="a">112 S.</marc:subfield>
   </marc:datafield>
</marc:record>
